<?xml version="1.0" encoding="UTF-8"?>
<record
    xmlns:xsi="http://www.w3.org/2001/XMLSchema-instance"
    xsi:schemaLocation="http://www.loc.gov/MARC21/slim http://www.loc.gov/standards/marcxml/schema/MARC21slim.xsd"
    xmlns="http://www.loc.gov/MARC21/slim">

  <leader>02026agaaa2200313   4500</leader>
  <controlfield tag="001">8007</controlfield>
  <controlfield tag="003">IT-RoPAU</controlfield>
  <controlfield tag="005">20220918181228.0</controlfield>
  <controlfield tag="007">d cvaizq</controlfield>
  <controlfield tag="008">50131s9999||||xx ||| |     ||   ||und||</controlfield>
  <datafield tag="040" ind1=" " ind2=" ">
    <subfield code="a">IT-RoPAU</subfield>
    <subfield code="c">IT-RoPAU</subfield>
  </datafield>
  <datafield tag="041" ind1=" " ind2=" ">
    <subfield code="a">ITALIANO</subfield>
  </datafield>
  <datafield tag="100" ind1=" " ind2=" ">
    <subfield code="a">Lo Giudice Ambrogio</subfield>
    <subfield code="g">Codice regista SPICS: 59196</subfield>
    <subfield code="9">39423</subfield>
  </datafield>
  <datafield tag="130" ind1=" " ind2=" ">
    <subfield code="a">PRIMA DAMMI UN BACIO</subfield>
    <subfield code="9">39424</subfield>
  </datafield>
  <datafield tag="245" ind1=" " ind2=" ">
    <subfield code="a">PRIMA DAMMI UN BACIO</subfield>
    <subfield code="c">Prodotto da: Morabito V. Belardi -- Sceneggiatura: Lo Giudice Ambrogio -- Diretto da: Lo Giudice Ambrogio</subfield>
    <subfield code="p">PRIMA DAMMI UN BACIO (Rif. Codice opera principale : H8007)</subfield>
  </datafield>
  <datafield tag="250" ind1=" " ind2=" ">
    <subfield code="a">Edizione Standard</subfield>
  </datafield>
  <datafield tag="260" ind1=" " ind2=" ">
    <subfield code="a">(ITALIA)</subfield>
    <subfield code="b">SUNFLOWER PRODUCTION / Distribuzione: MONDADORI</subfield>
    <subfield code="g">"2003 (1&#xB0; ed.: 2007 ; Ed. Lingua Orig.: 2003)"</subfield>
  </datafield>
  <datafield tag="300" ind1=" " ind2=" ">
    <subfield code="a">DVD</subfield>
    <subfield code="b">sonoro, col.</subfield>
    <subfield code="c">88 minuti</subfield>
  </datafield>
  <datafield tag="508" ind1=" " ind2=" ">
    <subfield code="a">"Fotografia: Corticelli Gianfilip; Montaggio: Manzoni Paolo; Musica: Dalla Lucio; Sceneggiatura: Lo Giudice Ambrogio; Scenografia: Scarpa Leonardo; "</subfield>
  </datafield>
  <datafield tag="511" ind1=" " ind2=" ">
    <subfield code="a">"Rocca Stefania; Cocci Marco; Zingaretti Luca; Filippi Camilla; Mannoia Fiorella"</subfield>
  </datafield>
  <datafield tag="520" ind1=" " ind2=" ">
    <subfield code="a">"ADELE E MARCELLO SONO SEGNATI DAL DESTINO FIN DALLA NASCITA: NASCONO NELLOSTESSO ISTANTE E DA QUEL MOMENTO SARANNO TESTIMONI DI UN'INCREDIBILE STORIA D'AMORE: DUE META' DELLA STESSA ANIMA CHE IL DESTINO HA VOLUTO UNIRE ALLANASCITA E DIVIDERE PER UNA VITA INTERA. O QUASI, LORIS, TESTIMONE E NARRATORE DELLA LORO LUNGA STORIA DOPO AVER CELEBRATO PER GIOCO IL LORO MATRIMONIO DA BAMBINI, LI SEGUIRA' PER TUTTA LA VITA CONDIVIDENDO SENSAZIONI, EMOZIONI ED ESPERIENZE. CONTRIBUTI EXTRA: BACKSTAGE; INTERVISTE CON CAST E REGISTA; SCENE ELIMINATE; VIDEOCLIP DI LUCIO DALLA."</subfield>
  </datafield>
  <datafield tag="538" ind1=" " ind2=" ">
    <subfield code="a">PAL, STEREO</subfield>
  </datafield>
  <datafield tag="546" ind1=" " ind2=" ">
    <subfield code="a">ITALIANO</subfield>
  </datafield>
  <datafield tag="650" ind1=" " ind2=" ">
    <subfield code="a">COMMEDIA</subfield>
    <subfield code="e">DVD-FILM [DVD]</subfield>
    <subfield code="x">Codice MATERIA SPICS: 9947</subfield>
    <subfield code="9">36668</subfield>
  </datafield>
  <datafield tag="700" ind1=" " ind2=" ">
    <subfield code="a">Dalla Lucio</subfield>
    <subfield code="e">(musica)</subfield>
    <subfield code="g">Codice Musica SPICS: 10843</subfield>
    <subfield code="9">39425</subfield>
  </datafield>
  <datafield tag="700" ind1=" " ind2=" ">
    <subfield code="a">Lo Giudice Ambrogio </subfield>
    <subfield code="e">(regista)</subfield>
    <subfield code="g">Codice regista SPICS: 59196</subfield>
    <subfield code="9">39426</subfield>
  </datafield>
  <datafield tag="700" ind1=" " ind2=" ">
    <subfield code="a">Lo Giudice Ambrogio </subfield>
    <subfield code="e">(soggetto)</subfield>
    <subfield code="g">Codice Soggetto SPICS: 59196</subfield>
    <subfield code="9">39427</subfield>
  </datafield>
  <datafield tag="942" ind1=" " ind2=" ">
    <subfield code="c">DV</subfield>
    <subfield code="2">ddc</subfield>
  </datafield>
  <datafield tag="999" ind1=" " ind2=" ">
    <subfield code="c">105092</subfield>
    <subfield code="d">105092</subfield>
  </datafield>
  <datafield tag="952" ind1=" " ind2=" ">
    <subfield code="0">0</subfield>
    <subfield code="1">0</subfield>
    <subfield code="4">0</subfield>
    <subfield code="6">H_8007_000000000000000</subfield>
    <subfield code="7">1</subfield>
    <subfield code="a">SPICS</subfield>
    <subfield code="b">SPICS</subfield>
    <subfield code="d">2015-01-31</subfield>
    <subfield code="l">0</subfield>
    <subfield code="o">H8007</subfield>
    <subfield code="r">2015-01-31 00:00:00</subfield>
    <subfield code="w">2015-01-31</subfield>
    <subfield code="y">DV</subfield>
    <subfield code="z">Progr. Ins.: 3657 / N.Vol.:1 / Copie: 1 / Pag.:0 / Copia rara: n.d. / date import: 1.2.2015 / By Epidotti, Trombetti, Vaglietti</subfield>
  </datafield>
</record>
